Ejercicios de san Ignacio de Loyola acomodados exclusivamente al espiritual aprovechamiento de los señores sacerdotes

Detalles Bibliográficos
Autor principal: Ibargüengoitia, Mariano José de
Formato: Libro
Lenguaje:Spanish
Publicado: Barcelona 1880
Edición:Segunda edición aumentada con un apéndice que contiene exámenes sumamente provechosos
Materias:
Colección:Banco de datos
Acervo:Biblioteca de la Congregación del Oratorio de San Felipe Neri de México. Iglesia La Profesa
Descripción Física:t. 15 cm.
Tema general:Ascética
Notas:Encuadernación en piel sobre cartón. Sello en tinta del Oratorio de San Felipe Neri de México. Biblioteca La Profesa, D.F.
LEADER 00925nam a22001930004500
035 |a 2181 
041 0 |a spa 
100 1 |a Ibargüengoitia, Mariano José de 
245 1 0 |a Ejercicios de san Ignacio de Loyola acomodados exclusivamente al espiritual aprovechamiento de los señores sacerdotes  |c por el presbítero D. Mariano José de Ibargüengoitia 
250 |a Segunda edición aumentada con un apéndice que contiene exámenes sumamente provechosos 
260 |a Barcelona  |b librería Religiosa  |c 1880 
300 |a  t.  |c 15 cm. 
500 |a Encuadernación en piel sobre cartón. Sello en tinta del Oratorio de San Felipe Neri de México. Biblioteca La Profesa, D.F. 
504 |a Índice de contenido 
650 1 0 |a Ascética 
949 |a Iglesia La Profesa, Biblioteca t. 2 (4191) 
942 |c PROFESA 
943 |g Biblioteca de la Congregación del Oratorio de San Felipe Neri de México. Iglesia La Profesa 
999 |c 948992  |d 948992